Riconosci lo Stato - Quiz n°20 - Statistics

Statistiche generali
  • Questo quiz è stato fatto 70 volte
  • Il punteggio medio è 10 su 13
Statistiche sulle risposte
Indizio Risposta % Corretto
Valuta Gourde
97%
Iniziale della Capitale P
92%
Fuso Orario UTC-5
85%
Primo ministro Ariel Henry
83%
Indipendenza dalla Francia, 1º gennaio 1804
83%
Presidente della Repubblica Ariel Henry (ad interim)
82%
Popolazione 10 847 334 ab.
78%
Superficie 27 750 km²
78%
Forma di Governo Repubblica semipresidenziale
73%
ISU 0,454
67%
PIL (nominale) 7 902 milioni di $ (2012)
63%
Tasso di crescita 0,888%
62%
Risposta Haiti
60%
Nessun quiz corrispondente trovato
Distribuzione punteggi
Percentuale di utenti per punteggio
Percentile per numero di risposta
I tuoi punteggi nel tempo
Non hai fatto questo quiz